Представление документа в формате RUSMARC

ПолеНазваниеЗначение
  Тип записи a
  Библиографический уровень m
001 Контрольный номер RU/CBS_UL/BASE/71c1c183910142d5b25f44bb69bc8d1b
005 Дата корректировки 20260417155108.3
010 Индекс ISBN __
a ISBN 978-5-04-154280-1
b Уточнения в пер.
d Цена 399 р. 30 к.
9 Тираж 2 500 экз.
100 Данные общей обработки __
a Данные общей обработки 20260417d 0rusy0189## ca
101 Язык документа 0_
a Язык текста rus
102 Страна публикации __
a Страна публикации RU
200 Заглавие и сведения об ответственности 1_
a Заглавие Кибербуллер в нокауте
e Сведения, относящиеся к заглавию соцсети
e Сведения, относящиеся к заглавию инструкция по применению
f Первые сведения об ответственности Т. Бенедетти, Д. Морозинотто
g Последующие сведения об ответственности пер. с итал. Л. Золоевой
g Последующие сведения об ответственности ил. Ж. К. Винчи
210 Выходные данные 1_
a Место издания Москва
c Издательство ЭКСМО
d Дата издания 2021
215 Физическое описание __
a Объем 93, [2] с.
c Иллюстрации/тип воспроизводства ил.
d Формат 21,5 см.
225 Серия 2_
a Серия Non-fiction. Подростки (11-14 лет)
300 Общие примечания __
a Общие примечания Указ. изд-во Эксмодетство
300 Общие примечания __
a Общие примечания 12+
606 Тематические рубрики 0_
a Основная рубрика INITERNET- Безопасность - Издания для детей
610 Ключевые слова 0_
a Ключевые слова Интернет; электронная почта; социальные сети; видеоигры; мессенджеры; аккаунты в соцсетях; кибербуллинг; хейтеры
686 Индексы других классификаций __
2 Код системы rubbk
a Классификационный индекс 32.973.202
700 Автор _1
a Фамилия Бенедетти
b Имя (инициалы) Т.
g Полное личное имя Тео
701 Альтернативная интеллектуальная ответственность _1
a Фамилия Морозинотто
b Имя (инициалы) Д.
801 Источник записи _0
a Страна RU
b Организация МБУК ЦБС г. Ульяновска
c Дата составления 20260417
g Правила каталогизации RCR
801 Источник записи _1
a Страна RU
b Организация МБУК ЦБС г. Ульяновска
c Дата составления 20260417
g Правила каталогизации RCR
852 Данные о местонахождении __
i Авторский знак Б 46
j Шифр хранения 32.973
900 Электронные ресурсы __
a Имя электронного ресурса т. бенедетти кибер
901 Тип документа __
t Тип документа m
909 Создатель записи __
a Создатель записи obr2
b Дата создания записи 20260417